Letter to the world : (Record no. 9482)

MARC details
000 -LEADER
fixed length control field 00625cam a22002052 4500
001 - CONTROL NUMBER
control field 0000020727
005 - DATE AND TIME OF LATEST TRANSACTION
control field 20151217152220.0
008 - FIXED-LENGTH DATA ELEMENTS--GENERAL INFORMATION
fixed length control field 111006s xx 000 0 eng d
020 ## - INTERNATIONAL STANDARD BOOK NUMBER
International Standard Book Number 03930465 :
040 ## - CATALOGING SOURCE
Original cataloging agency KABU
Transcribing agency KABU
100 1# - MAIN ENTRY--PERSONAL NAME
Personal name Ware, Susan.
-- 0000181266
245 10 - TITLE STATEMENT
Title Letter to the world :
Remainder of title seven women who shaped the American century /
Statement of responsibility, etc. Susan Ware.
250 ## - EDITION STATEMENT
Edition statement 1st ed.
260 ## - PUBLICATION, DISTRIBUTION, ETC. (IMPRINT)
Place of publication, distribution, etc. New York :
Name of publisher, distributor, etc. W. W. Norton,
Date of publication, distribution, etc. 1998.
300 ## - PHYSICAL DESCRIPTION
Extent xxiv, 344 p.
650 #0 - SUBJECT ADDED ENTRY--TOPICAL TERM
Topical term or geographic name as entry element Women
Form subdivision Biography
Geographic subdivision United States.
-- 0000181267
852 1# - LOCATION
-- p2480 KES
908 ## - PUT COMMAND PARAMETER (RLIN)
Put command parameter 111006
950 ## - LOCAL HOLDINGS (RLIN)
-- 1
Holdings
Withdrawn status Lost status Source of classification or shelving scheme Not for loan Home library Current library Date acquired Total Checkouts Full call number Barcode Date last seen Date last checked out Price effective from Koha item type
    Library of Congress Classification   Kabarak, Main Campus Kabarak, Main Campus 17/12/2015 1 CT3235 .W37 1998 c.1 19177 03/08/2018 24/07/2018 17/12/2015 General Collection
Designed with assistance from East African Informatics Ltd